| 000 | 00604nam a22002417a 4500 | ||
|---|---|---|---|
| 003 | OSt | ||
| 008 | 140307b xxu||||| |||| 00| 0 eng d | ||
| 100 | 1 | _aPoole, Bertram W. H. | |
| 041 | _aeng | ||
| 245 | 1 | 0 | _aPostage Stamps of Crete, The |
| 260 |
_aBeverly, Mass. _bSevern-Wylie-Jewett Co. |
||
| 300 | _a32 pages | ||
| 650 | 0 | _aCrete (-1913) | |
| 650 | 0 | _aGreat Britain | |
| 650 | 0 | _aRussia | |
| 650 | 0 | _aOffices in Crete | |
| 650 | 0 | _aOffices Abroad | |
| 650 | 0 | _aPostal History | |
| 650 | 0 | _aProduction | |
| 650 | 0 | _aErrors and Varieties | |
| 650 | 0 | _aPlates and Plating | |
| 650 | 0 | _aDesigns | |
| 999 |
_c379 _d379 |
||